000 00483 a2200169 4500
003 OSt
005 20231208112519.0
008 231208b |||||||| |||| 00| 0 eng d
040 _coclc
082 _a894.8128
_bBHA/E
100 _aBhagavan, K S
_98023
245 _aEnthukondu Ramakshethram? /
_cK.S. Bhagawan
250 _a1st ed.
260 _aTrivandrum:
_bMythri Books,
_c2019.
300 _a114p.
942 _2ddc
_cBK
_h894.8128
_iBHA/E
_k894.8128
_mBHA/E
999 _c44051
_d44051